000 00267nam a22001217a 4500
008 170418b xxu||||| |||| 00| 0 eng d
041 _aeng
080 _a573
100 _a11
101 _aSHM
245 _aINTRODUCTORY MYCOLOGY
_cALEXOPOULOS, C.J
942 _2udc
_cBK
999 _c11048
_d11048